000 00611nam a2200241Ia 4500
005 20260430150523.0
008 008 250103s9999 xx 000 0 eng d
037 _aTheses
040 _aCRL
040 _beng
040 _ceng
041 _2eng
041 _aeng
084 _qCRL
100 _aMohammad Inam Au.; Shams Mohammad Aalam Gu.
_91237740
245 0 _aMohammad Usman Aarif Naqshbandi: hayat-o-khidmat
260 _c2023
300 _a258p.
650 _aUrdu Literature
700 _aUniversity of Delhi. Faculty of Arts. Dept. of Urdu
942 _cTH
999 _c1849979
_d1849979